Šabľa V.

Bibliographic Details
Main Author: Hradský, Juraj, 1953- (Author)
Format: Article
Language:Slovak

MARC

LEADER 00000nab a2200000ua 4500
001 vtls010773440
003 SK-MaSNL
005 20260303151824.0
008 230222s2002 xo |||||||||||||||||slo|
035 |a (urnnbn)urn:nbn:sk:snk:ar-a019yh 
035 |a (uuid)74a06210-e10b-42c7-b9f9-b46da4a0215a 
035 |a urn:nbn:sk:snk-ab4dxh 
040 |a SNKBUCL  |b slo  |c SNKBUCL  |e AACR2 
041 0 |a slo 
044 |a xo  |c SK 
100 1 |a Hradský, Juraj,  |d 1953-  |4 aut  |9 85501 
245 1 0 |a Šabľa V.  |c Juraj Hradský 
773 0 |t Zbrane, strelci a lovci  |g Roč. 3, č. 11 (2002), s. 24-27 
954 |a odborná, vedecká literatúra pôvodná (slovenská)  |2 lita 
958 |a OND 
958 |a EUIPO 
958 |a article3 
999 |c 2019909  |d 2021839